Normal view MARC view
  • CORPORATE FINANCE

Entry Topical Term

Number of records used in: 1

001 - CONTROL NUMBER

  • control field: 63935

003 - CONTROL NUMBER IDENTIFIER

  • control field: NUST

005 - DATE AND TIME OF LATEST TRANSACTION

  • control field: 20210628203211.0

008 - FIXED-LENGTH DATA ELEMENTS

  • fixed length control field: 210628|| aca||aabn | a|a d

040 ## - CATALOGING SOURCE

  • Original cataloging agency: NUST
  • Transcribing agency: NUST

150 ## - HEADING--TOPICAL TERM

  • Topical term or geographic name entry element: CORPORATE FINANCE

670 ## - SOURCE DATA FOUND

  • Source citation: Work cat.: (NUST): Ross, Stephen A, Westerfield, Randolph W, Jordan, Bradford D 63934, Fundamentals of corporate finance, 2006
© 2023 Central Library, National University of Sciences and Technology. All Rights Reserved.